| 000 | 00602nam a2200205 a 4500 | ||
|---|---|---|---|
| 005 | 20240924070915.0 | ||
| 008 | 011018s1997 r 000 0 eng d | ||
| 020 | _a8421629387 | ||
| 035 | _aUPN01000113221 | ||
| 049 | _aCG | ||
| 050 | 4 |
_aLB1573 _bQ5.4 |
|
| 100 | 1 | _aQuintanal Díaz, José | |
| 245 | 1 | 3 |
_aLa lectura : _bsistematización didáctica de un plan lector / _cJosé Quintanal Díaz. |
| 260 |
_aMadrid : _bBruño, _cc1997. |
||
| 300 | _a189 p. | ||
| 440 | 0 |
_aNueva escuela ; _v38 |
|
| 650 | 4 |
_aLectura _xEstudio y enseñanza (Elemental) _92805 |
|
| 650 | 4 |
_aLectura _913351 |
|
| 905 | _aLibro | ||
| 999 |
_c87129 _d87129 |
||